000 00362nam a2200169Ia 4500
005 20251020182602.0
008 200515s9999 xx 000 0 und d
082 _aSC/336.41(85)/P45
245 0 _aLey General de Aduanas
260 _aLima
260 _c1973
300 _as.n.
650 _aADUANAS
650 _aDECRETOS
650 _aLEYES
942 _cLIB
999 _c3089
_d3089